000 00320nam a2200109Ia 4500
008 171204s9999 xx 000 0 und d
245 _aLearning Concurrent Programming in Scala:
245 _cAleksandar Prokopec
260 _c2014
650 _xProgramming 1-2
856 _uhttp://down.ebook777.com/044/9781783281411.pdf
999 _c345940
_d345940